Most Popular Songs in USA 9/21/2024 - Statistics

General Stats
  • This quiz has been taken 25 times
  • The average score is 7 of 15
Answer Stats
Rank Artist (Rank) Answer Streams Radio Airplay Sales % Correct
1. Shaboozey A Bar Song (Tipsy) 29 Million 77.9 Million 9.5 Thousand
73%
3. Sabrina Carpenter Espresso 21.7 Million 61.3 Million 3 Thousand
73%
10. Kendrick Lamar Not Like Us 20.8 Million 46.4 Million 2.5 Thousand
73%
8. Sabrina Carpenter Please Please Please 20.5 Million 47.5 Million 2 Thousand
73%
13 Benson Boone Beautiful Things 16.2 Million 46.8 Million 4.5 Thousand
55%
5. Billie Eilish Birds Of A Feather 21.7 Million 48.1 Million 4 Thousand
55%
4. Bruno Mars, Lady GaGa Die With A Smile 26 Million 26.6 Million 4 Thousand
50%
11. Tommy Richman Million Dollar Baby 16.3 Million 53 Million 2 Thousand
50%
6. Sabrina Carpenter Taste 27.1 Million 11.2 Million 3 Thousand
50%
12. Hozier Too Sweet 13.8 Million 59.4 Million 3 Thousand
50%
2. Post Malone, Morgan Wallen I Had Some Help 24 Million 65.6 Million 4 Thousand
45%
7. Chappell Roan Good Luck, Babe! 20.3 Million 49.5 Million 3.5 Thousand
41%
9. Teddy Swims Lose Control 20.5 Million 53 Million 5.5 Thousand
41%
14. Luke Combs Ain't No Love in Oklahoma 14.1 Million 28.6 Million 4.5 Thousand
14%
15. Marshmello, Kane Brown Miles On It 11.4 Million 36.6 Million 2.5 Thousand
5%
No matching quizzes found
Score Distribution
Percent of People with Each Score
Percentile by Number Answered
Your Score History
You have not taken this quiz